书目信息 |
| 题名: |
市场营销100-个案与点析
|
|
| 作者: | 杨明刚 主编 | |
| 分册: | ||
| 出版信息: | 上海 华东理工大学出版社 2001.03 |
|
| 页数: | 257页 | |
| 开本: | 26cm | |
| 丛书名: | ||
| 单 册: | ||
| 中图分类: | F713.50 | |
| 科图分类: | ||
| 主题词: | 商业经济--国内 | |
| 电子资源: | ||
| ISBN: | 7-5628-1153-9 | |
| 000 | 00582nam0 2200193 45 | |
| 001 | 0460177517 | |
| 005 | 2004051216425708 | |
| 010 | @a7-5628-1153-9@dCNY 23.00 | |
| 100 | @a20040512d2001 km y0chiy0120 ea | |
| 101 | 0 | @achi |
| 102 | @aCN@b310000 | |
| 200 | 1 | @a市场营销100-个案与点析@AShi Chang Ying Xiao 100-Ge An Yu Dian Xi@f杨明刚主编@FYang Ming Gang Zhu Bian |
| 210 | @a上海@c华东理工大学出版社@d2001.03 | |
| 215 | @a257页@d26cm | |
| 606 | 0 | @a商业经济@x国内 |
| 690 | @aF713.50@v4 | |
| 701 | 0 | @a杨明刚@AYang Ming Gang@4主编 |
| 801 | 0 | @aCN@bPFT@c20040512 |
| 905 | @dF713.50@eY231 | |
| 市场营销100-个案与点析/杨明刚主编.-上海:华东理工大学出版社,2001.03 |
| 257页;26cm |
| ISBN 7-5628-1153-9:CNY 23.00 |
| ● |
| 相关链接 |
|
|
|
正题名:市场营销100-个案与点析
索取号:F713.50/Y231
 
预约/预借
| 序号 | 登录号 | 条形码 | 馆藏地/架位号 | 状态 | 备注 |
| 1 | 396994 | 203969946 | 社科库409/409社科库 43排7列4层/ [索取号:F713.50/Y231] | 在馆 | |
| 2 | 396995 | 203969955 | 社科库409/409社科库 43排7列4层/ [索取号:F713.50/Y231] | 在馆 | |
| 3 | 396996 | 203969964 | 社科库409/409社科库 43排7列4层/ [索取号:F713.50/Y231] | 在馆 |